Beaded jewelry
| Main Author: | |
|---|---|
| Format: | Book |
| Published: |
New York :
Lark Books ,
2007
|
| Series: | Make it in minutes
|
| Subjects: |
MARC
| LEADER | 00000cam a2200000 7i4500 | ||
|---|---|---|---|
| 001 | 0000019369 | ||
| 005 | 20080616.0 | ||
| 008 | 080616 | ||
| 020 | |a 1600590322 | ||
| 090 | 0 | 0 | |a 746.5 |b REM |
| 100 | 0 | |a Remmers, Wendy | |
| 245 | 1 | 0 | |a Beaded jewelry |c Wendy Remmers |
| 260 | |a New York : |b Lark Books , |c 2007 | ||
| 440 | |a Make it in minutes | ||
| 500 | |a Include index | ||
| 650 | 0 | |a Beadwork | |
| 999 | |a 0001025065 |b Book |c Adult Collection |e Perbadanan Perpustakaan Awam Johor | ||
| 999 | |a 0001025066 |b Book |c Adult Collection |e Perbadanan Perpustakaan Awam Johor | ||